00401nam a2200157Ia 4500003000400000008004100004040001600045082001500061100002000076245005400096260004300150300001000193650001400203650001700217650000900234GCL140319s9999 xx 000 0 eng d aGCL / cGCL04a641.3bL L1 aLIGHT, NICHOLAS10aLONGMAN FOOD SCIENCE HANDBOOK / cLIGHT, NICHOLAS a[S.N] : bLONGMAN YORK PRESS ، c1989 a184 P04aNUTRITION04aFOOD SCIENCE04aDIET